| 000 | 01022nam a22002057a 4500 | ||
|---|---|---|---|
| 999 |
_c64137 _d64137 |
||
| 003 | Ge_BSU | ||
| 005 | 20260415122941.0 | ||
| 008 | 260415s2003 ge ||||| |||| 00| 0 geo d | ||
| 020 | _a9994020188 | ||
| 041 | _ageo | ||
| 080 | _a339.727.2/3(479.22) ჯ-42 | ||
| 100 |
_aჯიბუტი, ამირან _9911 |
||
| 245 |
_aსაქართველოს სახელმწიფო საგარეო ვალი / _c ამირან ჯიბუტი, ივანე ღლონტი; [რედ.: ელგუჯა მექვაბიშვილი]; თსუ. |
||
| 264 |
_aთბილისი : _bთბილ. უნ-ტის გამ-ბა, _c2003. |
||
| 300 |
_a212 გვ. ; _b20 სმ. |
||
| 653 | _aსაქართველოს საგარეო ვალი | ||
| 700 |
_aღლონტი, ივანე _eავტორი _927317 |
||
| 700 |
_aმექვაბიშვილი, ელგუჯა _eრედაქტორი _927318 |
||
| 942 |
_2udc _cBK |
||